000 00929cam a2200277 a 4500
005 20240220101858.0
008 100708s2004||||mx f |||| 00| 0 spa d
020 _a9681656318
041 _aspa
092 _c082.1
_l26
_sFRO
100 1 _aFrondizi, Risieri.
_91043
245 1 _a¿Qué son los valores?.
_bBreviario /
_cRisieri Frondizi.
250 _a3a ed. 18a reimp.
260 _aMéxico:
_bFCE;
_c2004.
300 _a236 p.
_c17x11 cm.
500 _aFrondizi, R. (2004). ¿Qué son los valores?. Breviario. (3a ed.). Mexico : FCE.
590 _aColección Breviarios
653 _aQué son los valores?
653 _aProblemas fundamentales de la axiología
653 _aDoctrinas subjetivistas
653 _aScheler y el apriorismo material de los valores
653 _aCrítica al subjetivismo y objetivismo axiológicos
653 _aValor, estructura y situación
930 _a1218
942 _2ddc
_cBK
999 _c515
_d515